01078pam a2200289 a 4500001000800000005001700008008004100025010001700066020004500083020005200128040001800180043001200198050002400210082002100234100002700255245006900282260005500351300002500406504005100431651003600482651004700518700003200565906004500597942001200642999001700654952011700671348869320170105102846.0940922s1995 cou b 001 0 eng  a 94038876  a1555874134 (alk. paper) :c$45.00 (est.) a1555874274 (alk. paper : pbk.) :c$18.95 (est.) aDLCcDLCdDLC aa-cc---00aDS779.27b.F38 199500a327.510090492201 aFaust, John R.,d1930-10aChina in world politics /cJohn R. Faust and Judith F. Kornberg. aBoulder, Colo. :bLynne Rienner Publishers,c1995. aix, 281 p. ;c24 cm. aIncludes bibliographical references and index. 0aChinaxForeign relationsy1976- 0aChinaxPolitics and governmenty1976-2002.1 aKornberg, Judith F.,d1954- a7bcbccorignewd1eocipf19gy-gencatlg 2ddccBK c14044d14044 001040708NFICaCIPSbCIPScGENd2013-08-15l0o327.51009049 KOR 2007pCIPS0000018r2013-08-15w2013-08-15yBK